Statistiques concernant Les expressions de la langue française utilisant le mot pied(s)

Cliquez ici pour prendre le quiz!

Statistiques générales

  • Ce quiz a été pris 318 fois
  • Le résultat moyen est 21 sur 27

Statistiques - réponses

IndiceRéponse% Correct
se tirer une .... dans le piedballe
97%
se lever du pied ......gauche
97%
trouver ....... à son piedchaussure
96%
je fais des pieds et des .... pour avoir cet emploimains
96%
prendre un discours, un écrit, au pied de la ....lettre
95%
avoir les .... de pieds en éventaildoigts
93%
marcher sur la .... des piedspointe
93%
couper l'..... sous le piedherbe
92%
ne pas savoir sur quel pied ....danser
91%
je travaille dur, d'..... piedarrache
90%
être au pied du ....mur
86%
intervenir,mettre les pieds dans le .....plat
86%
en bateau j'ai le pied ....marin
85%
aider, tirer une ..... du piedépine
81%
un colosse au pied d'....argile
77%
avoir pieds et .... liéspoings
75%
avoir les pieds sur ......terre
75%
aider, mettre le pied à l'....etrier
71%
je roule vite, les pieds au ....plancher
71%
avoir bon pied, bon ......oeil
69%
ma maison est construite de ..... piedplain
68%
être sur le pied de ....guerre
67%
j'attends, je fais le pied de ....grue
63%
faire un pied de ....nez
63%
un coup de pied dans la .....fourmilière
46%
avoir un pied dans la ....tombe
46%
ne pas avoir les deux pieds dans le même ....sabot
42%

Distribution des résultats

Percentile par nombre de réponses

% des personnes avec chaque résultat

Votre développement - résultats

Vous n’avez pas pris ce quiz